00466 2200181 4500001002100000005001500021035002000036245003900056100001500095250001700110300003200127260003900159082001000198084001600208020002200224650001400246500002400260INLIS00000000000066620240830091327 a0010-08240001841 aBercocok Tanam Kubis /cS. Mulyono0 aS. Mulyono aCetakan Ke-1 aiv, 84 hlm :bIlus ;c21 cm aJakarta :bAzka Mulia Media,c2007 a635.3 a635.3 S. b a978-979-1211-46-8 4aPertanian aSeri Bercocok Tanam